[Event "San Juan-ch Juvenil de Puerto Rico"]
[Site "San Juan"]
[Date "2016.12.10"]
[Round "3.2"]
[White "Lopez Rivera, Jose A"]
[Black "Gonzalez Olivieri, Orlando"]
[Result "0-1"]
[WhiteElo "1559"]
[BlackElo "1969"]
[PlyCount "118"]
[EventDate "2016.12.09"]
[EventType "tourn"]
[EventRounds "5"]
[EventCountry "PUR"]
[SourceTitle "EXT 2024"]
[Source "ChessBase"]
[SourceDate "2023.10.10"]
[SourceVersion "1"]
[SourceVersionDate "2023.10.10"]
[SourceQuality "1"]

1. e4 e6 2. d4 d5 3. Nd2 dxe4 4. Nxe4 Nd7 5. Nf3 Ngf6 6. Bd3 Be7 7. 0-0 0-0 8. c3 b6 9. Re1 Bb7 10. Bg5 h6 11. Bh4 Nxe4 12. Bxe7 Nxc3 13. Bxd8 Nxd1 14. Bxc7 Nxb2 15. Bb5 Rfc8 16. Bd6 Bc6 17. Ba6 Re8 18. Ne5 Nxe5 19. dxe5 b5 20. Rab1 Nc4 21. Bxb5 Bxb5 22. Rxb5 Nxd6 23. exd6 Red8 24. Rd1 Rd7 25. Rb3 Rad8 26. Rbd3 e5 27. f3 f6 28. Kf2 Kf7 29. Ra3 Rb8 30. Rd2 Ke6 31. Rad3 Rb6 32. Ke3 Rbxd6 33. Rxd6+ Rxd6 34. Rxd6+ Kxd6 35. Ke4 Ke6 36. g4 g6 37. f4 f5+ 38. gxf5+ gxf5+ 39. Ke3 e4 40. Kd4 Kf6 41. Ke3 Kg6 42. Kf2 Kh5 43. Kg3 e3 44. Kf3 e2 45. Kxe2 Kg4 46. Ke3 h5 47. a4 a5 48. Ke2 Kxf4 49. Kf2 Ke4 50. h3 Kd4 51. Kf3 Kc4 52. Kf4 Kb4 53. Kxf5 Kxa4 54. Kg5 Kb3 55. Kxh5 a4 56. Kg6 a3 57. h4 a2 58. h5 a1Q 59. h6 Qh8 0-1

[Event "San Sebastian Mendez Memorial 2nd"]
[Site "San Sebastian del Pepino"]
[Date "2015.01.15"]
[Round "2"]
[White "Gonzalez Olivieri, Orlando"]
[Black "Ortiz Ocasio, Jose Antonio"]
[Result "0-1"]
[WhiteElo "1884"]
[BlackElo "1738"]
[PlyCount "82"]
[EventDate "2015.01.14"]
[EventType "swiss"]
[EventRounds "9"]
[EventCountry "PUR"]
[SourceTitle "EXT 2016"]
[Source "ChessBase"]
[SourceDate "2015.10.08"]
[SourceVersion "1"]
[SourceVersionDate "2015.10.08"]
[SourceQuality "1"]

1. e4 c5 2. c4 Nc6 3. Nc3 d6 4. d3 Nf6 5. g3 g6 6. Bg2 Bg7 7. Nge2 0-0 8. 0-0 a6 9. Rb1 Rb8 10. f4 Qc7 11. h3 b5 12. g4 b4 13. Nd5 Nxd5 14. cxd5 Nd4 15. Be3 Nb5 16. Qd2 a5 17. b3 Ba6 18. Rbc1 Nc3 19. Nxc3 bxc3 20. Qe2 Rb4 21. Rfd1 Rfb8 22. e5 dxe5 23. Rxc3 exf4 24. Rxc5 Qe5 25. Rxa5 Bc8 26. Ra7 Qxe3+ 27. Qxe3 fxe3 28. Rxe7 Bd4 29. Re8+ Kg7 30. Bf3 Bd7 31. Rxb8 Rxb8 32. Kf1 Be5 33. Ke2 Bd4 34. Rc1 Bb5 35. a4 Ba6 36. Rc6 Rb6 37. Rxb6 Bxb6 38. b4 Kf6 39. b5 Bb7 40. d4 Bxd4 41. a5 Ke5 0-1

[Event "Central America-chT U18 4th"]
[Site "Armenia"]
[Date "2013.11.02"]
[Round "2"]
[White "Gonzalez Olivieri, Orlando"]
[Black "Hernandez, Cristian Andres"]
[Result "1-0"]
[WhiteElo "2017"]
[BlackElo "2127"]
[PlyCount "97"]
[EventDate "2013.11.02"]
[EventType "team"]
[EventRounds "7"]
[EventCountry "COL"]
[SourceTitle "EXT 2016"]
[Source "ChessBase"]
[SourceDate "2015.10.08"]
[SourceVersion "1"]
[SourceVersionDate "2015.10.08"]
[SourceQuality "1"]
[WhiteTeam "Puerto Rico"]
[BlackTeam "Colombia"]
[WhiteTeamCountry "PUR"]
[BlackTeamCountry "COL"]

1. e4 c5 2. c4 d6 3. g3 Nc6 4. Nc3 g6 5. Bg2 Bg7 6. d3 e6 7. Nge2 Nge7 8. 0-0 0-0 9. Be3 Nd4 10. Rb1 Nec6 11. f4 f5 12. a3 Rb8 13. b4 b6 14. Bf2 Bb7 15. exf5 gxf5 16. Re1 Qd7 17. Qa4 Rf7 18. Nxd4 Nxd4 19. Qxa7 Ra8 20. Qxb6 Ra6 21. Qxb7 Qxb7 22. Bxb7 Rxb7 23. Kg2 Nc2 24. Rec1 Bxc3 25. Rxc2 Rxa3 26. b5 Kf7 27. Re2 Ke7 28. Kh3 Kd7 29. Kh4 Bf6+ 30. Kh5 Rxd3 31. Rbe1 Bc3 32. Rc1 Ra7 33. Kh6 e5 34. fxe5 Bd2+ 35. Rxd2 Rxd2 36. Be3 Rxh2+ 37. Kg5 Ke6 38. exd6 Rg7+ 39. Kf4 Rg4+ 40. Kf3 Kxd6 41. Bf4+ Ke6 42. Re1+ Kf6 43. Re5 Rc2 44. Rxc5 h5 45. b6 Rc3+ 46. Kf2 Rb3 47. Rb5 Rxb5 48. cxb5 Rg7 49. Bc7 1-0